| 000 | 00830nam a22002297a 4500 | ||
|---|---|---|---|
| 005 | 20260212220912.0 | ||
| 008 | 260212s1983 mx a|||| |||| 001 0 spa d | ||
| 040 | _bspa | ||
| 100 | _aAGUIRRE TINOCO, HUMBERTO | ||
| 245 | _aSONES DE LA TIERRA Y CANTARES JAROCHOS | ||
| 260 |
_aMÉXICO : _bPREMIA EDITORA DE LIBROS , _c1983. |
||
| 300 |
_a230 páginas _c13.5 x 20.8 cm |
||
| 336 |
_2rdacontent _atexto _btxt |
||
| 337 |
_2rdamedia _asin mediación _bn |
||
| 338 |
_2rdacarrier _avolumen _bnc |
||
| 505 | _aEL LLAMADO SON VERACRUZANO O JAROCHO ES PROBABLEMENTE LA MAS RICA EXPRESION ARTISTICA DEL SECTOR MESTIZO DE MÉXICO | ||
| 650 | _aLAS ARTES BELLAS ARTES Y ARTES DECORATIVAS | ||
| 650 | _aMUSICA | ||
| 650 | _aINSTRUMENTOS Y CONJUNTOS INSTRUMENTALES | ||
| 700 |
_aSALVADOR, FERNANDO _ePORTADA |
||
| 942 |
_2ddc _cGENERAL |
||
| 999 |
_c68517 _d68517 |
||